000
00254nam a2200109Ia 4500
008
220216s9999 xx 000 0 und d
245
0
_a
Comminuted natural rubber
260
_b
Planter
_c
1964
300
_a
507-508
650
_a
Natural rubber
942
_c
JS
999
_c
55892
_d
55892